[Event "Groningen op-B 55th"]
[Site "Groningen"]
[Date "2017.12.24"]
[Round "4"]
[White "Molanus, Eva"]
[Black "Klunder, Johan"]
[Result "0-1"]
[WhiteElo "1124"]
[BlackElo "1800"]
[PlyCount "58"]
[EventDate "2017.12.22"]
[EventType "swiss"]
[EventRounds "9"]
[EventCountry "NED"]
[SourceTitle "CBM 182 Extra"]
[Source "ChessBase"]
[SourceDate "2018.02.23"]
[SourceVersion "1"]
[SourceVersionDate "2018.02.23"]
[SourceQuality "1"]

1. d4 d5 2. c4 e6 3. Nc3 Nf6 4. Nf3 h6 5. Bf4 Bd6 6. Bxd6 Qxd6 7. e3 b6 8. Nb5 Qb4+ 9. Qd2 Qxd2+ 10. Kxd2 Ne4+ 11. Ke1 Na6 12. cxd5 exd5 13. Rc1 c5 14. dxc5 bxc5 15. Ne5 0-0 16. f3 Re8 17. fxe4 Rxe5 18. Nd6 c4 19. exd5 Bd7 20. Kf2 Rxd5 21. Nxc4 Bb5 22. Be2 Rad8 23. b3 Nc5 24. a4 Bc6 25. Na5 Rf5+ 26. Bf3 Bxf3 27. gxf3 Nd3+ 28. Ke2 Nxc1+ 29. Rxc1 Rxa5 0-1